00455 2200181 4500001002100000005001500021008004100036020001800077035001900095041000700114082000800121090001400129100001500143245003500158260003600193300002700229650001700256INLIS00000000002132820241224131030241224||||||||| | ||| |||| || |  a979-730-069-2 0010-1224021328 aid0 a621 a621 SUR r0 aM Suratman00aServis dan Reparasi Auto Mobil aBandungbPustaka Grafika.c2001 a432 hlm.; 14,5 x 21 cm 0ateknik mesin